[Event "Moscow Time of the First U15 Girls"]
[Site "Moscow"]
[Date "2019.06.21"]
[Round "6"]
[White "Kastanieda, Alla"]
[Black "Platuschikhina, Darya"]
[Result "1-0"]
[WhiteElo "1339"]
[BlackElo "1223"]
[PlyCount "86"]
[EventDate "2019.06.17"]
[EventType "swiss"]
[EventRounds "9"]
[EventCountry "RUS"]
[SourceTitle "EXT 2021"]
[Source "ChessBase"]
[SourceDate "2020.10.23"]
[SourceVersion "1"]
[SourceVersionDate "2020.10.23"]
[SourceQuality "1"]

1. d4 Nf6 2. Nf3 e6 3. e3 Be7 4. Bd3 d6 5. 0-0 Nbd7 6. c4 b6 7. Nc3 Bb7 8. e4 e5 9. d5 c6 10. Re1 0-0 11. Be3 Ng4 12. Bd2 Bh4 13. g3 Be7 14. h3 Ngf6 15. Kg2 Nc5 16. Bc2 a5 17. a3 Na6 18. Rb1 Qd7 19. Nh4 b5 20. cxb5 cxb5 21. b4 axb4 22. axb4 Nc7 23. Nf5 Bd8 24. Bd3 Re8 25. Qe2 Ba6 26. Ra1 Rf8 27. Rec1 Be7 28. Bg5 Rfb8 29. Bxf6 Bxf6 30. Qg4 Kh8 31. Qe2 Bg5 32. Rc2 g6 33. h4 gxf5 34. hxg5 f4 35. gxf4 exf4 36. Qh5 Rg8 37. e5 Rg7 38. Rh1 Qe7 39. Ne4 Nxd5 40. Nf6 Nxf6 41. exf6 Qxf6 42. Qxh7+ Rxh7 43. Rxh7+ Kg8 1-0

[Event "Moscow Time of the First U15 Girls"]
[Site "Moscow"]
[Date "2019.06.21"]
[Round "7"]
[White "Platuschikhina, Darya"]
[Black "Korchagina, Darina"]
[Result "0-1"]
[WhiteElo "1223"]
[BlackElo "1150"]
[PlyCount "30"]
[EventDate "2019.06.17"]
[EventType "swiss"]
[EventRounds "9"]
[EventCountry "RUS"]
[SourceTitle "EXT 2021"]
[Source "ChessBase"]
[SourceDate "2020.10.23"]
[SourceVersion "1"]
[SourceVersionDate "2020.10.23"]
[SourceQuality "1"]

1. e4 e5 2. Nf3 d6 3. d4 Nd7 4. dxe5 dxe5 5. Bc4 Be7 6. Qd5 Nh6 7. Bxh6 0-0 8. Be3 c6 9. Qd2 b5 10. Bb3 a5 11. a4 Bb7 12. 0-0 c5 13. Rd1 Nf6 14. Qc3 Qxd1+ 15. Ne1 Nxe4 0-1

[Event "Moscow Time of the First U15 Girls"]
[Site "Moscow"]
[Date "2019.06.20"]
[Round "5"]
[White "Belozerova, Olga"]
[Black "Platuschikhina, Darya"]
[Result "1-0"]
[WhiteElo "1276"]
[BlackElo "1223"]
[PlyCount "59"]
[EventDate "2019.06.17"]
[EventType "swiss"]
[EventRounds "9"]
[EventCountry "RUS"]
[SourceTitle "EXT 2021"]
[Source "ChessBase"]
[SourceDate "2020.10.23"]
[SourceVersion "1"]
[SourceVersionDate "2020.10.23"]
[SourceQuality "1"]

1. d4 Nf6 2. Nf3 e6 3. e3 Be7 4. Bd3 d6 5. c4 0-0 6. 0-0 Nbd7 7. Nc3 c6 8. b3 e5 9. Bb2 Qc7 10. Rc1 Nb6 11. h3 Re8 12. d5 Qb8 13. e4 Nh5 14. dxc6 bxc6 15. Nxe5 Bg5 16. Nxc6 Qb7 17. Rc2 Nf4 18. Nd4 Qd7 19. Qf3 Bb7 20. Bc1 Ne6 21. Nxe6 Bxc1 22. Rcxc1 Rxe6 23. Nd5 Nxd5 24. exd5 Rf6 25. Qg3 Re8 26. Rfe1 Bc8 27. Rxe8+ Qxe8 28. Qe3 Qd8 29. Re1 Kf8 30. Bxh7 1-0